000 00517cam a22001814a 4500
005 20250605164244.0
008 250528s ||||||||||||||||||||||||d
035 _a21433
040 _aGR-AtMCL
_bgre
_dGR-AtMCL
_eAACR2
245 1 _aΕΙΣΑΓΩΓΗ ΣΤΟ ΔΙΚΑΙΟ
250 _a3
260 _bΟργανισμός Εκδόσεων Διδακτικών Βιβλίων,
_c1989
300 _a239
700 1 _aΠαπαγιαννη Θ. Φωτη
_97471
942 _cBK
999 _c6495
_d6495